• 首页
  • 本馆介绍
  • 公告通知
  • 最新文献
  • 馆藏检索
  • 电子资源
  • 读者导购
  • 参考咨询
  • 我的图书馆
  • 登录
  • 详细信息显示
  • 放入我的书架
  • 预约/预借图书
  • 作者相关作品
  • 分类相关作品
  • 丛书相关作品
  • 出版社相关作品

书目信息

  • 表格格式
  • 工作单格式
  • 卡片格式
题名:
乡村振兴背景下农村电商可持续发展研究
    
 
作者: 尤影 著
分册:  
出版信息: 长春   吉林大学出版社  2021.09
页数: 192页
开本: 24cm
丛书名:
单 册:
中图分类: F724.6
科图分类:
主题词: 农村--nong cun--电子商务--研究--中国
电子资源:
ISBN: 978-7-5692-8862-9
000 01551nam0 2200265 450
001 CAL 0120217317329
005 20230217093112.0
010    @a978-7-5692-8862-9@dCNY65.00
100    @a20211209d2021 em y0chiy0120 ea
101 0  @achi
102    @aCN@b220000
105    @aak a 000yy
106    @ar
200 1  @a乡村振兴背景下农村电商可持续发展研究@Axiang cun zhen xing bei jing xia nong cun dian shang ke chi xu fa zhan yan jiu@f尤影著
210    @a长春@c吉林大学出版社@d2021.09
215    @a192页@c图@d24cm
300    @a基金项目: 2019年度河南省高等教育教学改革研究与实践项目 (就业和创新创业教育) 《“三全育人”视域下高职院校创新创业教育与精准扶贫融合机制研究与实践》 ; 2020年度河南省重点研发与推广专项软科学研究计划项目《乡村振兴战略下河南农村电商可持续发展路径研究》 河南省教育科学 “十四五”规划2021年度一般课题《“OBE理念+雨课堂”混合教学模式在高职电子商务课程的应用研究》
314    @a尤影, 女, 汉族, 中共党员, 河南省开封市人, 管理学学士, 经济学硕士, 现任职于开封大学旅游学院。
320    @a有书目 (第187-192页)
330    @a本书属于农村电子商务方面的著作。由前言、乡村振兴背景梳理、农村电商概念认知、国外农村电商发展历程与启示、以区域为核心的农村电子商务模式、农村电子商务平台系统规划与建设、农村电子商务实际应用 —— 以河南省为例、“新农人”的美好明天等几部分组成。全书以农村为视角, 尝试搭乘互联网电商快车, 助推乡村振兴, 实现乡村经济发展的可持续性。
606 0  @a农村@Anong cun@x电子商务@x研究@y中国
690    @aF724.6@v5
701  0 @a尤影@Ayou ying@4著
801  0 @aCN@bBJXHZP@c20230228
905    @b1387329-32@dF724.6@e123@f4
    
    乡村振兴背景下农村电商可持续发展研究/尤影著.-长春:吉林大学出版社,2021.09
    192页:图;24cm
    基金项目: 2019年度河南省高等教育教学改革研究与实践项目 (就业和创新创业教育) 《“三全育人”视域下高职院校创新创业教育与精准扶贫融合机制研究与实践》 ; 2020年度河南省重点研发与推广专项软科学研究计划项目《乡村振兴战略下河南农村电商可持续发展路径研究》 河南省教育科学 “十四五”规划2021年度一般课题《“OBE理念+雨课堂”混合教学模式在高职电子商务课程的应用研究》
    
    ISBN 978-7-5692-8862-9:CNY65.00
    本书属于农村电子商务方面的著作。由前言、乡村振兴背景梳理、农村电商概念认知、国外农村电商发展历程与启示、以区域为核心的农村电子商务模式、农村电子商务平台系统规划与建设、农村电子商务实际应用 —— 以河南省为例、“新农人”的美好明天等几部分组成。全书以农村为视角, 尝试搭乘互联网电商快车, 助推乡村振兴, 实现乡村经济发展的可持续性。
●
相关链接 在E读中查询图书 在五车中查询图书 在当当中查询图书 在豆瓣中查询图书


正题名:乡村振兴背景下农村电商可持续发展研究     索取号:F724.6/123         预约/预借

序号 登录号 条形码 馆藏地/架位号 状态 备注
1 1387329   213873290   第一样本阅览室/ [索取号:F724.6/123] 在馆    
2 1387330   213873307   第一借阅区/ [索取号:F724.6/123] 在馆    
3 1387331   213873316   第一借阅区/ [索取号:F724.6/123] 在馆    
4 1387332   213873325   第一借阅区/ [索取号:F724.6/123] 在馆    
唐山师范学院图书馆 欢迎您!
大连网信软件有限公司© 版权所有